Rocket Singh: (Record no. 55914)

MARC details
000 -LEADER
fixed length control field 03960nam a22004937a 4500
005 - DATE AND TIME OF LATEST TRANSACTION
control field 20110824152728.0
006 - FIXED-LENGTH DATA ELEMENTS--ADDITIONAL MATERIAL CHARACTERISTICS--GENERAL INFORMATION
fixed length control field a|||||r|||||00| 0
007 - PHYSICAL DESCRIPTION FIXED FIELD--GENERAL INFORMATION
fixed length control field vc av zk
008 - FIXED-LENGTH DATA ELEMENTS--GENERAL INFORMATION
fixed length control field 110824t xxu||||| |||| 00| 0 eng d
010 ## - LIBRARY OF CONGRESS CONTROL NUMBER
LC control number DVD-008064-072
024 ## - OTHER STANDARD IDENTIFIER
Standard number or code YRD 60246 or 60247
Terms of availability 99.00
028 ## - PUBLISHER NUMBER
Source Pioneers Office Automation
035 ## - SYSTEM CONTROL NUMBER
System control number DVD-008064-072
040 ## - CATALOGING SOURCE
Original cataloging agency DPL
Transcribing agency DPL
082 ## - DEWEY DECIMAL CLASSIFICATION NUMBER
Classification number DVD / ROCK
245 ## - TITLE STATEMENT
Title Rocket Singh:
Statement of responsibility, etc written by Jaideep Sahni; directed by Shimit Amin; produced by Aditya Chopra music by Salim-Sulaiman
Medium (Videorecording) DVD
Remainder of title Salesman of the Year /
260 ## - PUBLICATION, DISTRIBUTION, ETC. (IMPRINT)
Place of publication, distribution, etc Mumbai
Name of publisher, distributor, etc Yash Raj Films
Date of publication, distribution, etc p2010.
300 ## - PHYSICAL DESCRIPTION
Extent 1 videodisc DVD (154 Min.)
Other physical details sd., col.
Dimensions 4 3/4 in.
Type of unit DVD
306 ## - PLAYING TIME
Playing time 154 Min
440 ## - SERIES STATEMENT/ADDED ENTRY--TITLE
9 (RLIN) 33486
500 ## - GENERAL NOTE
General note Hindi movies
500 ## - GENERAL NOTE
General note Copyright Yash Raj Films
500 ## - GENERAL NOTE
General note Summary from IMDB.com
505 ## - FORMATTED CONTENTS NOTE
Formatted contents note Ranbir Kapoor, Prem Chopra and Gauhar Khan
520 ## - SUMMARY, ETC.
Summary, etc Harpreet Singh Bedi (Ranbir Kapoor) has just graduated, and his marks are, well, let's say a little embarrassing. But marks never stopped him from dreaming of an exciting and adventurous career, and they never will. 'Rocket Singh - Salesman of the Year' is the sometimes thoughtless, sometimes thoughtful story of a fresh graduate trying to find a balance between the maddening demands of the 'professional' way, and the way of his heart - and stumbling upon a crazy way which turned his world upside down, and his career right side up. Welcome to the world of sales, boss!
538 ## - SYSTEM DETAILS NOTE
System details note Digital dolby: 5.1 sound, NTSC format-all regions, design: YRF-DC
650 ## - SUBJECT ADDED ENTRY--TOPICAL TERM
Topical term or geographic name as entry element Motion picture
9 (RLIN) 33495
700 ## - ADDED ENTRY--PERSONAL NAME
Personal name Amin, Shimit
9 (RLIN) 33504
700 ## - ADDED ENTRY--PERSONAL NAME
Personal name Chopra, Aditya
9 (RLIN) 33527
700 ## - ADDED ENTRY--PERSONAL NAME
Personal name Sahni, Jaideep
9 (RLIN) 33536
700 ## - ADDED ENTRY--PERSONAL NAME
Personal name Salim-Sulaiman
9 (RLIN) 33555
856 ## - ELECTRONIC LOCATION AND ACCESS
Uniform Resource Identifier <a href="http://www.imdb.com/title/tt0053706/">http://www.imdb.com/title/tt0053706/</a>
942 ## - ADDED ENTRY ELEMENTS (KOHA)
Source of classification or shelving scheme Dewey Decimal Classification
Item type CD-ROMs, DVDs, VHS
Classification part DVD
Call number suffix ROCK
Holdings
Withdrawn status Lost status Source of classification or shelving scheme Damaged status Not for loan Collection code Home library Current library Date acquired Source of acquisition Cost, normal purchase price Total Checkouts Full call number Barcode Date last seen Date last borrowed Copy number Cost, replacement price Price effective from Koha item type Total Renewals
    Dewey Decimal Classification     Fiction Central Library Central Library 24/08/2011 Pioneers Office Automation/157/19.5.11/295/28.3.11/14.7.11 99.00 8 DVD ROCK DVD-008064 12/05/2016 06/04/2016 1 99.00 24/08/2011 CD-ROMs, DVDs, VHS  
    Dewey Decimal Classification     Fiction Janak Puri Janak Puri 24/08/2011 Pioneers Office Automation/157/19.5.11/295/28.3.11/14.7.11 99.00 7 DVD ROCK DVD-008066 30/04/2014 19/04/2014 1 99.00 24/08/2011 CD-ROMs, DVDs, VHS  
    Dewey Decimal Classification     Fiction Karol Bagh Karol Bagh 24/08/2011 Pioneers Office Automation/157/19.5.11/295/28.3.11/14.7.11 99.00 4 DVD ROCK DVD-008070 03/10/2013 20/09/2013 1 99.00 24/08/2011 CD-ROMs, DVDs, VHS  
    Dewey Decimal Classification     Fiction Narela Narela 24/08/2011 Pioneers Office Automation/157/19.5.11/295/28.3.11/14.7.11 99.00 3 DVD ROCK DVD-008071 08/07/2013 27/06/2013 1 99.00 24/08/2011 CD-ROMs, DVDs, VHS  
    Dewey Decimal Classification     Fiction Patel Nagar Patel Nagar 24/08/2011 Pioneers Office Automation/157/19.5.11/295/28.3.11/14.7.11 99.00 7 DVD ROCK DVD-008065 23/09/2013 09/09/2013 1 99.00 24/08/2011 CD-ROMs, DVDs, VHS  
    Dewey Decimal Classification     Fiction R.K.Puram-8 R.K.Puram-8 24/08/2011 Pioneers Office Automation/157/19.5.11/295/28.3.11/14.7.11 99.00 3 DVD ROCK DVD-008068 09/03/2013 08/03/2013 1 99.00 24/08/2011 CD-ROMs, DVDs, VHS  
    Dewey Decimal Classification     Fiction Sarojini Nagar Sarojini Nagar 24/08/2011 Pioneers Office Automation/157/19.5.11/295/28.3.11/14.7.11 99.00 17 DVD ROCK DVD-008067 25/11/2017 08/11/2017 1 99.00 24/08/2011 CD-ROMs, DVDs, VHS 1
    Dewey Decimal Classification     Fiction Shahdara Branch Shahdara Branch 24/08/2011 Pioneers Office Automation/157/19.5.11/295/28.3.11/14.7.11 99.00   DVD ROCK DVD-008072 24/08/2011   1 99.00 24/08/2011 CD-ROMs, DVDs, VHS  
    Dewey Decimal Classification     Fiction Vinoba Puri Vinoba Puri 24/08/2011 Pioneers Office Automation/157/19.5.11/295/28.3.11/14.7.11 99.00 6 DVD ROCK DVD-008069 11/02/2014 10/02/2014 1 99.00 24/08/2011 CD-ROMs, DVDs, VHS  

© Delhi Public Library
Hit Counter
free hit counter